| 000 | 01281nam a2200349Ic 4500 | ||
|---|---|---|---|
| 001 | 59576 | ||
| 003 | CO-BoRNBP | ||
| 005 | 20251022220115.0 | ||
| 007 | ta | ||
| 008 | 181205s9999 xx 000 0 und d | ||
| 020 | _a9789588787954 | ||
| 040 |
_aCO-BoRNBP _bspa _erda _cCO-BoRNBP |
||
| 041 | _aspa | ||
| 082 | 0 | 4 |
_a363.73 _bM87c |
| 100 |
_aMurphy, Glenn _eaut _965987 |
||
| 245 | 1 | 3 |
_aEl cambio climático : _b¿qué podemos hacer? / _cGlenn Murphy. |
| 250 | _aEdición especial | ||
| 264 | 1 |
_aBogotá, Colombia : _bMonserrate, _c2018 |
|
| 300 |
_a64 páginas : _bilustraciones, fotografías a color |
||
| 336 |
_2rdacontent _atexto _btxt |
||
| 337 |
_2rdamedia _asin mediación _bn |
||
| 338 |
_2rdacarrier _avolumen _bnc |
||
| 490 | 0 | _aPlan Nacional de Lectura y Escritura Leer es mi Cuento / Ministerio de Cultura | |
| 500 | _aIncluye glosario e índice de términos | ||
| 521 | _aRecomendado para un público mayor de 12 años | ||
| 534 | _tGlobal warming | ||
| 650 | 0 | 7 |
_aCalentamiento global _xLiteratura infantil _2lemb _965988 |
| 650 | 0 | 0 |
_aCambio climático _xLiteratura infantil _2LEMB _965989 |
| 650 | 0 | 7 |
_aEfecto invernadero _xLiteratura infantil _2lemb _965990 |
| 650 | 0 | 7 |
_aRecursos energéticos renovables _xLiteratura infantil _2lemb _965991 |
| 942 |
_2ddc _cBKINF |
||
| 999 |
_c59576 _d59576 |
||